Case Study Research: Design and Methods. (Record no. 9)

MARC details
005 - DATE AND TIME OF LATEST TRANSACTION
control field 20250305135804.0
020 ## - INTERNATIONAL STANDARD BOOK NUMBER
International Standard Book Number 0-7619-2553-8
082 ## - DEWEY DECIMAL CLASSIFICATION NUMBER
Classification number 300.722 YIN
100 ## - MAIN ENTRY--PERSONAL NAME
Author name YIN, R.K.
245 ## - TITLE STATEMENT
Title Case Study Research: Design and Methods.
250 ## - EDITION STATEMENT
Edition statement 3rd Ed
260 ## - PUBLICATION, DISTRIBUTION, ETC.
Place of publication, distribution, etc. New Delhi,
Name of publisher, distributor, etc. Sage Publications,
Date of publication, distribution, etc. 2003
300 ## - PHYSICAL DESCRIPTION
Extent xvi, 181p.: figure,
Other physical details References, Index
Dimensions 21cm
942 ## - ADDED ENTRY ELEMENTS (KOHA)
Source of classification or shelving scheme Dewey Decimal Classification
Koha item type Books
Holdings
Date last seen Total checkouts Full call number Barcode Cost, replacement price Price effective from Koha item type Lost status Source of classification or shelving scheme Damaged status Not for loan Withdrawn status Home library Current library Shelving location Date acquired Cost, normal purchase price
03/05/2025   300.722 YIN 00000014 168000.00 03/05/2025 Books   Dewey Decimal Classification       College of Business Education Main Library College of Business Education Main Library Special Reserve Collection 07/08/2016 56000.00
03/05/2025   300.722 YIN 00000015 168000.00 03/05/2025 Books   Dewey Decimal Classification       College of Business Education Main Library College of Business Education Main Library Special Reserve Collection 03/05/2025 56000.00
03/05/2025   300.722 YIN 00000016 168000.00 03/05/2025 Books   Dewey Decimal Classification       College of Business Education Main Library College of Business Education Main Library General Collection 07/08/2016 56000.00
03/05/2025   300.722 YIN 00000017 168000.00 03/05/2025 Books   Dewey Decimal Classification       College of Business Education Main Library College of Business Education Main Library General Collection 07/08/2016 56000.00
03/10/2025   300.722 YIN 000000981 168000.00 03/10/2025 Books   Dewey Decimal Classification       College of Business Education Main Library College of Business Education Main Library General Collection 07/08/2016 56000.00
03/10/2025   300.722 YIN 000000982 168000.00 03/10/2025 Books   Dewey Decimal Classification       College of Business Education Main Library College of Business Education Main Library General Collection 07/08/2016 56000.00
03/10/2025   300.722 YIN 000000983 168000.00 03/10/2025 Books   Dewey Decimal Classification       College of Business Education Main Library College of Business Education Main Library General Collection 07/08/2016 56000.00